Vista normal
Vista MARC
Entrada Personal Name
Número de registros utilizados en: 5
001 - CONTROL NUMBER
- control field: 53
003 - CONTROL NUMBER IDENTIFIER
- control field: DO-SdBNP
005 - DATE AND TIME OF LATEST TRANSACTION
- control field: 20161117102908.0
008 - FIXED-LENGTH DATA ELEMENTS
- fixed length control field: 161117|| aca||aabn | a|a d
040 ## - CATALOGING SOURCE
- Original cataloging agency: DO-SdBNP
100 1# - HEADING--PERSONAL NAME
- Personal name: Pérez Reverte, Arturo
- Dates associated with a name: 1951-
670 ## - SOURCE DATA FOUND
- Source citation: El club Dumas, 2007
- Information found: tomado de la solapa